000 00688nam a22002297a 4500
005 20230211101753.0
008 230211b ||||| |||| 00| 0 eng d
040 _cAL
041 _aeng
082 _223
_a001.61
_bMURS
100 _aSaraswathi Murali
_971957
245 _aSystem analysis and data processng SADP:
_bFor CA final
260 _aChennai
_bShrinikethan
_c?
300 _a92p.
_bPB
_c20x14cm.
365 _b65.00
_c
_d65.00
650 _aManagement Information System
_971952
650 _aSystem Development Process
_971953
650 _aComputer Security
_971954
650 _aElectronic Commerce
_971955
700 _aMURALI (Saraswathi)
_971956
942 _2ddc
_cDB
999 _c226668
_d226668